ՀՀ Գիտությունների ազգային ակադեմիայի հիմնարար գիտական գրադարան  =   Fundamental Scientific Library of NAS RA

Առակներ / (Record no. 81905)

MARC details
000 -LEADER
fixed length control field 00686nam a2200205 u 4500
001 - CONTROL NUMBER
control field 000232195
003 - CONTROL NUMBER IDENTIFIER
control field AM-YeNLA
005 - DATE AND TIME OF LATEST TRANSACTION
control field 20250618071555.0
008 - FIXED-LENGTH DATA ELEMENTS--GENERAL INFORMATION
fixed length control field 030606s1946 ai r 000 0 arm d
040 ## - CATALOGING SOURCE
Original cataloging agency AM-YeHGA
041 0# - LANGUAGE CODE
Language code of text/sound track or separate title arm
090 ## - LOCALLY ASSIGNED LC-TYPE CALL NUMBER (OCLC); LOCAL CALL NUMBER (RLIN)
-- 83173
100 1# - MAIN ENTRY--PERSONAL NAME
Personal name Բունիաթյան, Սմբատ
245 10 - TITLE STATEMENT
Title Առակներ /
Statement of responsibility, etc. Ս. Բունիաթյան; Խմբ.՝ Հ. Հայրապետյան.
260 ## - PUBLICATION, DISTRIBUTION, ETC.
Place of publication, distribution, etc. Երևան :
Name of publisher, distributor, etc. Հայպետհրատ,
Date of publication, distribution, etc. 1946.
300 ## - PHYSICAL DESCRIPTION
Extent 36 էջ :
Other physical details նկ. ;
Dimensions 20 սմ.
650 14 - SUBJECT ADDED ENTRY--TOPICAL TERM
Topical term or geographic name entry element Հայ գրականություն
General subdivision Առակ
700 1# - ADDED ENTRY--PERSONAL NAME
Personal name Հայրապետյան, Հայրապետ Սարդարի,
Dates associated with a name 1874-1962
Relator term խմբ.
Relationship edt
9 (RLIN) 1697
942 ## - ADDED ENTRY ELEMENTS (KOHA)
Source of classification or shelving scheme Universal Decimal Classification
Koha item type Գրքեր / Books
Holdings
Withdrawn status Lost status Damaged status Not for loan Collection Home library Current library Date acquired Total checkouts Full call number Barcode Date last seen Cost, replacement price Price effective from Koha item type Public note Source of classification or shelving scheme
        General Fundamental Scientific Library Fundamental Scientific Library 22/12/2016   AII/27094 220027094 22/12/2016 3.00 22/12/2016 Գրքեր / Books 30 Days Loan  
        General Fundamental Scientific Library Fundamental Scientific Library 22/12/2016   AII/27095 220027095 22/12/2016 3.00 22/12/2016 Գրքեր / Books 30 Days Loan  
        General Fundamental Scientific Library Fundamental Scientific Library 22/12/2016   AII/27096 220027096 22/12/2016 3.00 22/12/2016 Գրքեր / Books 30 Days Loan  
        General Fundamental Scientific Library Fundamental Scientific Library 22/12/2016   AII/27097 220027097 22/12/2016 3.00 22/12/2016 Գրքեր / Books 30 Days Loan  
        General Fundamental Scientific Library Fundamental Scientific Library 22/12/2016   AII/27098 220027098 22/12/2016 3.00 22/12/2016 Գրքեր / Books 30 Days Loan  
        Kusikian Individual Collection Fundamental Scientific Library Fundamental Scientific Library 02/10/2020   Կուս/1024 FL0624783 02/10/2020   02/10/2020 Գրքեր / Books ILL Non-Circ Universal Decimal Classification


ՀՀ ԳԱԱ հիմնարար գիտական գրադարան
ՀՀ,Երևան 0019
Մարշալ Բաղրամյան 24/6
հեռախոս:(374-10) 52-47-50
Հետադարձ կապ

All site content, except where otherwise noted, is licensed under a
Creative Commons License